| 000 | 00404 a2200157 4500 | ||
|---|---|---|---|
| 003 | Nust | ||
| 005 | 20230308131801.0 | ||
| 040 | _cNust | ||
| 082 | _a297.63,GEO | ||
| 100 |
_aVersial Gorge, Konstan _9110020 |
||
| 245 |
_aPaghumber-e-Islam (PBEH) / _c Konstan Versial Gorge |
||
| 260 |
_aKarachi _bShama Book Agency |
||
| 300 | _a456:p | ||
| 650 |
_aIslam ,serat _9110021 |
||
| 942 |
_2ddc _cBK _k297.63,GEO |
||
| 999 |
_c180065 _d180065 |
||